Statistics for Come Sail Away by Styx - Lyrics quiz

Click here to take the quiz!

General Stats

  • This quiz has been taken 20 times
  • The average score is 43 of 49

Answer Stats

HintAnswer% Correct
____ ____ ____ with me!Come sail away
100%
____ ____ ____ with me!Come sail away
100%
____ ____ ____ with me!Come sail away
100%
____ ____ ____,Come sail away
100%
____ ____ ____,Come sail away
100%
____ ____ ____ with me!Come sail away
100%
____ ____ ____,Come sail away
100%
____ ____ ____,Come sail away
100%
____ ____ ____,Come sail away
100%
____ ____ ____,Come sail away
100%
____ ____ ____,Come sail away
100%
____ ____ ____ with me!Come sail away
100%
____ ____ ____,Come sail away
100%
____ ____ ____,Come sail away
100%
____ ____ ____ with me!Come sail away
100%
____ ____ ____,Come sail away
100%
____ ____ ____,Come sail away
100%
____ ____ ____,Come sail away
100%
I'm _______ ____,sailing away
100%
'Cause I've got to __ ____,be free
92%
To _____ __.carry on
92%
To _____ __.carry on
92%
Set an ____ ______open course
92%
____ happy, ____ sad,some
92%
So climb ______.aboard
85%
Appeared _____ __ ____.above my head
85%
On _____ _____.every shore
85%
We'll search ___ ________for tomorrow
85%
A _________ of angelsgathering
85%
So the story ____,goes
85%
But somehow we ______ ___missed out
85%
On that ___ __ ___.pot of gold
85%
And this is what ____ ____. ____ ____:they said
85%
For the ______ ___.virgin sea
85%
I think of _________ _______childhood friends
77%
And the ______ __ ___.dreams we had
77%
We lived _______ _______,happily forever
77%
And _'__ ___, oh, Lord, _'__ ___I'll try
77%
On board, _'_ ___ _______,I'm the captain
77%
Spark my ______.memory
77%
But to __ ________my surprise
77%
Free to face the life ____'_ _____ __ __.that's ahead of me
77%
I look to ___ ___.the sea
77%
I thought that ____ ____ ______,they were angels
77%
They sang to me ____ ____ __ ____,this song of hope
77%
We ______ for the skies!headed
69%
___________ in the wavesReflections
69%
But we'll try best ____ __ ___that we can
62%
We climbed aboard _____ ________.their starship
62%

Score Distribution

Percentile by Number Answered

Percent of People with Each Score

Your Score History

You have not taken this quiz